00173nam a2200073Ia 4500008004100000082000800041100001600049245003400065240331s9999 xx 000 0 und d bDEW aDewaraja, L 0aSri Lanka through French eyes